[Event "HZ Chess Tournament 2024"]
[Site "Vlissingen, Netherlands"]
[Date "2024.08.08"]
[Round "7.1"]
[White "L'Ami, Erwin"]
[Black "Ter-Sahakyan, Samvel"]
[Result "1/2-1/2"]
[WhiteElo "2629"]
[BlackElo "2609"]
[PlyCount "227"]

1. d4 Nf6 2. c4 e6 3. Nf3 d5 4. g3 dxc4 5. Bg2 a6 6. O-O Nc6 7. e3 Bd7 8. Qe2
Bd6 9. Qxc4 O-O 10. Nbd2 Qe7 11. Qe2 e5 12. dxe5 Bxe5 13. Nc4 Bd4 14. Nxd4 Nxd4
15. Qd1 Nc6 16. b3 Bg4 17. f3 Rfd8 18. Qe2 Be6 19. Bb2 Rd7 20. Rfd1 Rad8 21.
Rxd7 Rxd7 22. Nd2 Bf5 23. Nf1 Bd3 24. Qf2 Ne5 25. Rd1 Bxf1 26. Qxf1 Nd5 27. e4
Ne3 28. Rxd7 Qxd7 29. Qc1 Nd3 30. Qxe3 Nxb2 31. Bf1 g6 32. Qc3 Nd1 33. Qd3 Qd6
34. Qxd6 cxd6 35. Bd3 Kf8 36. Kf1 Nc3 37. a3 Ke7 38. Ke1 d5 39. Kd2 dxe4 40.
fxe4 Nb5 41. Bxb5 axb5 42. Kc3 Kd6 43. Kb4 Kc6 44. a4 bxa4 45. bxa4 Kb6 46. g4
g5 47. e5 h6 48. Kc4 Kc6 49. Kd4 Kd7 50. Ke4 Ke6 51. a5 f6 52. exf6 Kxf6 53.
Kd5 Ke7 54. Ke5 Kd7 55. Kf6 Kc6 56. Kg6 Kb5 57. Kxh6 Kxa5 58. Kxg5 b5 59. Kh5
b4 60. g5 b3 61. g6 b2 62. g7 b1=Q 63. g8=Q Qh1 64. Qg5+ Ka4 65. h4 Ka3 66.
Qe3+ Ka2 67. Qd2+ Ka1 68. Qd4+ Ka2 69. Kg5 Qg2+ 70. Kf5 Qf3+ 71. Ke5 Qh5+ 72.
Kd6 Qh6+ 73. Kd5 Qh5+ 74. Kc4 Qe2+ 75. Kc3 Qf3+ 76. Kc2 Qc6+ 77. Kd2 Qg2+ 78.
Kc3 Qg3+ 79. Qd3 Qg7+ 80. Kc2 Qc7+ 81. Kd1 Qf7 82. Kc1 Qf6 83. h5 Qh8 84. Kc2
Qb2+ 85. Kd1 Qg7 86. Qd2+ Kb1 87. Qb4+ Ka2 88. Qc4+ Kb2 89. Qb5+ Ka2 90. Qd5+
Kb2 91. Kd2 Qh6+ 92. Ke2 Qa6+ 93. Ke3 Qh6+ 94. Ke4 Qh7+ 95. Kf3 Qg7 96. Qd2+
Kb3 97. h6 Qf7+ 98. Qf4 Qd5+ 99. Kf2 Qd7 100. Qe3+ Ka2 101. Ke1 Qc6 102. Qd2+
Ka1 103. Qd4+ Ka2 104. Qd2+ Ka1 105. Kd1 Qa4+ 106. Ke2 Qg4+ 107. Kf2 Qh4+ 108.
Kf3 Qh3+ 109. Ke4 Qe6+ 110. Kd4 Qd6+ 111. Kc3 Qa3+ 112. Kc4 Qa4+ 113. Kc5 Qc2+
114. Qxc2 1/2-1/2

[Event "HZ Chess Tournament 2024"]
[Site "Vlissingen, Netherlands"]
[Date "2024.08.08"]
[Round "7.2"]
[White "Pavlidis, Antonios"]
[Black "Ferreira, Jorge Viterbo"]
[Result "1/2-1/2"]
[WhiteElo "2566"]
[BlackElo "2523"]
[PlyCount "60"]

1. e4 e5 2. Nf3 Nf6 3. Nxe5 d6 4. Nf3 Nxe4 5. d4 d5 6. Bd3 Be7 7. O-O Bf5 8.
Re1 O-O 9. Nbd2 Nd6 10. Nf1 c6 11. Bf4 Bxd3 12. Qxd3 Na6 13. h4 Nc7 14. Ng5
Bxg5 15. Bxg5 f6 16. Bf4 Qd7 17. Ng3 Rfe8 18. Bxd6 Qxd6 19. Nf5 Qd7 20. h5
Rxe1+ 21. Rxe1 Re8 22. Rxe8+ Nxe8 23. Qh3 Kf8 24. g4 Kf7 25. Qh2 a6 26. a4 Kg8
27. Qb8 g6 28. hxg6 hxg6 29. Ne3 Kg7 30. f3 Nd6 1/2-1/2

[Event "HZ Chess Tournament 2024"]
[Site "Vlissingen, Netherlands"]
[Date "2024.08.08"]
[Round "7.3"]
[White "Karacsonyi, Gellert"]
[Black "Fernandez, Daniel Howard"]
[Result "1/2-1/2"]
[WhiteElo "2395"]
[BlackElo "2519"]
[PlyCount "109"]

1. e4 Nf6 2. e5 Nd5 3. d4 d6 4. Nf3 dxe5 5. Nxe5 c6 6. Be2 Bf5 7. O-O Nd7 8.
Nf3 e6 9. c4 N5f6 10. Nc3 Bd6 11. Bg5 h6 12. Bh4 O-O 13. c5 Be7 14. b4 Nd5 15.
Nxd5 exd5 16. Bxe7 Qxe7 17. Re1 Qf6 18. Qd2 Rfe8 19. Bd3 Bg4 20. Re3 a5 21.
Rae1 Rxe3 22. Rxe3 g6 23. Ne5 Nxe5 24. Rxe5 axb4 25. Qxh6 Be6 26. Qd2 Kg7 27.
Bb1 Rh8 28. g3 Qf3 29. Qe2 Qxe2 30. Rxe2 Ra8 31. Rb2 Ra4 32. Rb3 g5 33. Kg2 Bg4
34. f3 Bh5 35. g4 Bg6 36. Bxg6 Kxg6 37. Kg3 f5 38. gxf5+ Kxf5 39. h3 Kg6 40. h4
gxh4+ 41. Kxh4 Kf5 42. Kg3 Kg5 43. Rb2 b3 44. Rxb3 Rxd4 45. Rxb7 Rc4 46. a4
Rxc5 47. Ra7 Kf5 48. a5 Ke6 49. a6 Ra5 50. Ra8 Kd6 51. f4 Ra3+ 52. Kf2 Ra2+ 53.
Kf3 Ra3+ 54. Kf2 Ra2+ 55. Kf3 1/2-1/2

[Event "HZ Chess Tournament 2024"]
[Site "Vlissingen, Netherlands"]
[Date "2024.08.08"]
[Round "7.5"]
[White "Leenhouts, Koen"]
[Black "Setyaki, Azarya Jodi"]
[Result "0-1"]
[WhiteElo "2446"]
[BlackElo "2370"]
[PlyCount "66"]

1. d4 d5 2. c4 c6 3. Nf3 Nf6 4. e3 Bf5 5. Nc3 e6 6. Nh4 Be4 7. f3 Bg6 8. Bd2
dxc4 9. Nxg6 hxg6 10. Bxc4 b5 11. Bd3 Nbd7 12. Qe2 a6 13. O-O-O c5 14. dxc5
Nxc5 15. Bc2 Qc7 16. Kb1 Rxh2 17. Rxh2 Qxh2 18. e4 Qc7 19. e5 Nfd7 20. f4 Nb6
21. g4 O-O-O 22. Rc1 Nc4 23. Be1 Kb8 24. Ne4 Rc8 25. Rd1 Be7 26. f5 gxf5 27.
gxf5 Nxe4 28. Bxe4 Qxe5 29. Qg2 exf5 30. Bg3 f4 31. Bh2 Bf6 32. Rd5 Na3+ 33.
bxa3 Qa1# 0-1

[Event "HZ Chess Tournament 2024"]
[Site "Vlissingen, Netherlands"]
[Date "2024.08.08"]
[Round "7.6"]
[White "De Winter, Arthur"]
[Black "Tarigan, Gilbert Elroy"]
[Result "1-0"]
[WhiteElo "2411"]
[BlackElo "2359"]
[PlyCount "113"]

1. e4 e5 2. Nf3 Nf6 3. Nxe5 d6 4. Nf3 Nxe4 5. c4 Nc6 6. d3 Nf6 7. d4 g6 8. d5
Nb8 9. Qe2+ Qe7 10. Nc3 Bg7 11. Bf4 Qxe2+ 12. Bxe2 Bg4 13. O-O-O Na6 14. h3
Bxf3 15. Bxf3 h5 16. Kc2 Bh6 17. Bh2 O-O-O 18. a3 Nc5 19. b4 Ncd7 20. c5 dxc5
21. Nb5 Ne8 22. Nxa7+ Kb8 23. Nc6+ bxc6 24. dxc6 Nef6 25. cxd7 Nxd7 26. Rhe1
Bg5 27. Rd5 f6 28. Red1 Kc8 29. Be2 Nb8 30. Rxc5 Rh7 31. Rxd8+ Kxd8 32. Bd3 f5
33. a4 Rd7 34. b5 Bh4 35. f3 Be1 36. Re5 Ba5 37. Re6 Rg7 38. Be5 Rg8 39. f4 Kc8
40. Rxg6 Rxg6 41. Bxf5+ Nd7 42. Bxg6 Nxe5 43. fxe5 h4 44. Kd3 Kd7 45. Bf5+ Ke7
46. Kc4 Be1 47. Kd5 Bc3 48. Kc6 Ba5 49. Kb7 Kd8 50. Ka6 Bc3 51. a5 Ke7 52. b6
cxb6 53. Kxb6 Bxe5 54. a6 Kf6 55. Be4 Bd4+ 56. Kb7 Ke5 57. Bf3 1-0

[Event "HZ Chess Tournament 2024"]
[Site "Vlissingen, Netherlands"]
[Date "2024.08.08"]
[Round "7.7"]
[White "Bharath Subramaniyam H"]
[Black "Grochal, Joey"]
[Result "1-0"]
[WhiteElo "2566"]
[BlackElo "2280"]
[PlyCount "79"]

1. b3 e5 2. Bb2 Nc6 3. c4 Nf6 4. e3 d5 5. cxd5 Nxd5 6. a3 f6 7. Nf3 Be6 8. Qc2
Qd7 9. b4 Nb6 10. d4 exd4 11. Nxd4 Nxd4 12. Bxd4 Bf5 13. Qc1 Bd6 14. Nd2 Be5
15. Bxe5 fxe5 16. Nf3 O-O-O 17. Be2 Be4 18. O-O Qg4 19. Qc3 Rhf8 20. h3 Qg6 21.
Kh2 Bxf3 22. Bxf3 e4 23. Be2 Kb8 24. Rac1 Nd5 25. Qc2 h5 26. Kg1 Qf5 27. Qc5
Rf6 28. Rcd1 Rc6 29. Qd4 Rg6 30. Kh1 Rdd6 31. Qb2 Qg5 32. Rg1 c6 33. b5 c5 34.
Qc2 Qe5 35. Qxc5 b6 36. Qc4 Ne7 37. Qf7 Qf6 38. Qe8+ Kb7 39. Rxd6 Qxd6 40. Rd1
1-0

[Event "HZ Chess Tournament 2024"]
[Site "Vlissingen, Netherlands"]
[Date "2024.08.08"]
[Round "7.8"]
[White "Kools, Thomas"]
[Black "Ikonnikov, Vyacheslav"]
[Result "0-1"]
[WhiteElo "2116"]
[BlackElo "2447"]
[PlyCount "84"]

1. e4 c5 2. Nc3 Nc6 3. g3 g6 4. Bg2 Bg7 5. d3 d6 6. f4 e6 7. Nf3 Nge7 8. h4 h5
9. O-O O-O 10. Ng5 f6 11. Nf3 d5 12. Kh2 Rb8 13. a4 a6 14. Qe2 b5 15. axb5 axb5
16. Nd1 Bd7 17. Bh3 Qc7 18. Nf2 Ra8 19. Rxa8 Rxa8 20. Re1 Rf8 21. c3 d4 22.
cxd4 Nxd4 23. Nxd4 cxd4 24. Bd2 Rc8 25. Rc1 Qa7 26. Rxc8+ Bxc8 27. Bb4 Qc7 28.
Qd1 Nc6 29. Bc5 Kh7 30. Qb3 g5 31. hxg5 fxg5 32. Bxe6 gxf4 33. Nh3 fxg3+ 34.
Kg2 Ne5 35. Bxc8 Qxc8 36. Bxd4 Qg4 37. Bxe5 Qe2+ 38. Kg1 Qe1+ 39. Kg2 Qe2+ 40.
Kg1 Qh2+ 41. Kf1 Qxh3+ 42. Ke2 g2 0-1

[Event "HZ Chess Tournament 2024"]
[Site "Vlissingen, Netherlands"]
[Date "2024.08.08"]
[Round "7.9"]
[White "Boulahfa, Hicham"]
[Black "Beukema, Stefan"]
[Result "1/2-1/2"]
[WhiteElo "2001"]
[BlackElo "2435"]
[PlyCount "40"]

1. e4 c5 2. Nf3 d6 3. d4 cxd4 4. Nxd4 Nf6 5. Nc3 a6 6. Bg5 e6 7. f4 Be7 8. Qf3
Nbd7 9. Bc4 h6 10. Bxf6 Bxf6 11. O-O-O Qc7 12. Bxe6 fxe6 13. Nxe6 Qa5 14. e5
Nxe5 15. fxe5 Bxe6 16. exf6 O-O 17. Qg3 Rxf6 18. Rxd6 Raf8 19. Rhd1 Bxa2 20.
Rxf6 Rxf6 1/2-1/2

[Event "HZ Chess Tournament 2024"]
[Site "Vlissingen, Netherlands"]
[Date "2024.08.08"]
[Round "7.10"]
[White "Van Delft, Merijn"]
[Black "Nieuwelink, Kees"]
[Result "1/2-1/2"]
[WhiteElo "2360"]
[BlackElo "2165"]
[PlyCount "37"]

1. e4 e5 2. Nf3 Nc6 3. Bb5 a6 4. Ba4 f5 5. d4 exd4 6. e5 b5 7. Bb3 Na5 8. Bd5
c6 9. Bxg8 Rxg8 10. O-O c5 11. b4 Nc4 12. bxc5 Bxc5 13. Nxd4 Qb6 14. Qh5+ Qg6
15. Qf3 Nb6 16. Nb3 Be7 17. Be3 Rb8 18. Bc5 Bb7 19. Qg3 1/2-1/2

[Event "HZ Chess Tournament 2024"]
[Site "Vlissingen, Netherlands"]
[Date "2024.08.08"]
[Round "7.11"]
[White "Kazarjan, Gachatur"]
[Black "Karsay, Pascal"]
[Result "0-1"]
[WhiteElo "2100"]
[BlackElo "2357"]
[PlyCount "82"]

1. e4 e5 2. Nf3 Nc6 3. Bc4 Nf6 4. d4 exd4 5. e5 d5 6. Bb5 Nd7 7. Bxc6 bxc6 8.
Nxd4 Nxe5 9. O-O Qf6 10. Re1 Be7 11. Nc3 O-O 12. Nxc6 Nxc6 13. Nxd5 Qh4 14. g3
Qh3 15. Nxe7+ Nxe7 16. Rxe7 Bb7 17. f3 Rad8 18. Qe2 Ba6 19. Qf2 Rd1+ 20. Re1
Rxe1+ 21. Qxe1 Bb7 22. Qf2 h5 23. Bf4 Qf5 24. Re1 Rd8 25. h4 f6 26. Qe2 Kh7 27.
Kg2 Rd7 28. Qc4 Rd2+ 29. Re2 Bd5 30. Qa6 Rxc2 31. Rf2 Bxf3+ 32. Kg1 Bd5 33. Qf1
Rc6 34. Rd2 Be4 35. Qd1 Re6 36. Rd7 c6 37. Rd4 Kg6 38. Kh2 Bd5 39. a4 Re4 40.
Qd3 Rxd4 41. Qxd4 Qb1 0-1

[Event "HZ Chess Tournament 2024"]
[Site "Vlissingen, Netherlands"]
[Date "2024.08.08"]
[Round "7.12"]
[White "Verhoeven, Robin"]
[Black "Syrov, Arkadi"]
[Result "0-1"]
[WhiteElo "1992"]
[BlackElo "2263"]
[PlyCount "140"]

1. e4 e5 2. d4 exd4 3. Qxd4 Nc6 4. Qd3 d5 5. exd5 Nb4 6. Qb3 Bf5 7. Na3 Qxd5 8.
Bc4 Qe4+ 9. Be3 O-O-O 10. Nf3 Nc6 11. Bd3 Bb4+ 12. Ke2 Qg4 13. Nb5 Be6 14. Qa4
a6 15. h3 Qh5 16. Na7+ Nxa7 17. Qxb4 Nc6 18. Qc3 Nf6 19. Bxa6 Nd4+ 20. Bxd4
bxa6 21. Be5 Rd7 22. g4 Qg6 23. g5 Qe4+ 24. Kf1 Nd5 25. Qd3 Qxd3+ 26. cxd3 f6
27. gxf6 gxf6 28. Bd4 Bf5 29. Rd1 Nf4 30. Bxf6 Re8 31. Ne5 Rd6 32. Bg5 Nxd3 33.
f4 h6 34. Bxh6 Rxe5 35. fxe5 Rxh6 36. h4 Nxe5 37. Rd4 Bd7 38. Rg1 Bb5+ 39. Kf2
c5 40. Rd5 Rf6+ 41. Kg3 Rg6+ 42. Kf4 Rxg1 43. Rxe5 Rg2 44. Rxc5+ Kb7 45. Rc3
Rxb2 46. a3 Rh2 47. Kg5 Be8 48. Re3 Rg2+ 49. Kf6 Bh5 50. Re7+ Kb8 51. Re6 Be2
52. Re3 Kc7 53. Re6 Kb7 54. Re5 Kb6 55. h5 Rh2 56. Re3 Bxh5 57. Ke5 Kb5 58. Kd4
Ka4 59. Kc5 Be2 60. Kb6 Bb5 61. Re4+ Kxa3 62. Ka5 Rb2 63. Rh4 Rb3 64. Rf4 Bd3
65. Rf3 Kb2 66. Rf2+ Kc3 67. Rf3 Rb5+ 68. Ka4 Rb1 69. Ka5 Ra1+ 70. Kb6 a5 0-1

[Event "HZ Chess Tournament 2024"]
[Site "Vlissingen, Netherlands"]
[Date "2024.08.08"]
[Round "7.13"]
[White "Den Heijer, Rolinde"]
[Black "De Jong, Migchiel"]
[Result "0-1"]
[WhiteElo "1769"]
[BlackElo "2313"]
[PlyCount "164"]

1. e4 d6 2. d4 Nf6 3. Nc3 c6 4. f4 Qa5 5. Bd3 e5 6. Nf3 Nbd7 7. dxe5 dxe5 8.
O-O Bd6 9. f5 h6 10. Kh1 Qc7 11. Bd2 Nc5 12. Qe2 a5 13. Rad1 b6 14. Qf2 Bb7 15.
Qg3 Rg8 16. a3 O-O-O 17. b4 axb4 18. axb4 Nxd3 19. cxd3 Qe7 20. Na4 b5 21. Nc5
Bxc5 22. bxc5 Rxd3 23. Qxe5 Re8 24. Qxe7 Rxe7 25. Ba5 Rxd1 26. Rxd1 Rd7 27. Re1
Re7 28. e5 Nd5 29. Nd4 Nf4 30. Re3 Nd5 31. Re1 Nf4 32. Re3 Nd5 33. Rg3 Rxe5 34.
Rxg7 b4 35. Kg1 Re1+ 36. Kf2 Ra1 37. Rg8+ Kd7 38. Rb8 Bc8 39. Bxb4 Kc7 40. Nxc6
Nxb4 41. Rxc8+ Kxc8 42. Nxb4 Kd7 43. Nd3 Ra2+ 44. Kf3 Ke7 45. h3 Rd2 46. Nf4
Rc2 47. Nd3 Kf6 48. g4 Rc4 49. Ke3 h5 50. gxh5 Kxf5 51. h6 Rh4 52. c6 Rxh6 53.
Nb4 Ke6 54. c7 Kd7 55. Nd5 Rxh3+ 56. Ke4 Rh6 57. Kd4 Re6 58. Kd3 Re1 59. Kd4 f5
60. Kd3 Rd1+ 61. Kc4 Re1 62. Kd3 Re5 63. Kd4 Re1 64. Kd3 Rd1+ 65. Kc4 Rc1+ 66.
Kd4 Kd6 67. Ne3 f4 68. Nf5+ Kxc7 69. Ke4 Rc4+ 70. Kf3 Kd7 71. Nh6 Ke6 72. Ng4
Ra4 73. Nh6 Kf6 74. Ng4+ Kg5 75. Ne5 Ra3+ 76. Kf2 Kf5 77. Nc4 Rc3 78. Nd2 Rc2
79. Ke1 Rxd2 80. Kxd2 Kg4 81. Ke2 Kg3 82. Kf1 Kf3 0-1

[Event "HZ Chess Tournament 2024"]
[Site "Vlissingen, Netherlands"]
[Date "2024.08.08"]
[Round "7.14"]
[White "Rappazzo, Johannes"]
[Black "Van der Zalm, Marnix"]
[Result "1-0"]
[WhiteElo "2278"]
[BlackElo "2083"]
[PlyCount "97"]

1. e4 d6 2. d4 Nf6 3. Nc3 g6 4. Be3 c6 5. Qd2 b5 6. Bd3 Nbd7 7. Nf3 e5 8. dxe5
dxe5 9. h3 Qe7 10. O-O Bg7 11. a4 b4 12. Ne2 a5 13. c3 Nc5 14. cxb4 Nxd3 15.
Qxd3 Qxb4 16. Ng3 O-O 17. Qc2 Re8 18. Bc5 Qb8 19. Rfd1 Be6 20. Ra3 Nd7 21. Bd6
Qb7 22. Ng5 Nf8 23. Rc3 Rac8 24. Nf1 h6 25. Nf3 Nd7 26. Ne3 Bf8 27. Nc4 Bxc4
28. Rxc4 Re6 29. Bxf8 Nxf8 30. Rc5 Rb8 31. Rxa5 Qxb2 32. Qxb2 Rxb2 33. Rd8 Kg7
34. Raa8 Rb1+ 35. Kh2 Nh7 36. Rg8+ Kf6 37. h4 g5 38. Rh8 g4 39. Nd2 Rb2 40. Nc4
Rxf2 41. Rxh7 Kg6 42. Rah8 Kh5 43. Nxe5 Kxh4 44. Rxh6+ Rxh6 45. Rxh6+ Kg5 46.
Rxc6 f6 47. Nd3 Rd2 48. Rc3 Ra2 49. Kg3 1-0

[Event "HZ Chess Tournament 2024"]
[Site "Vlissingen, Netherlands"]
[Date "2024.08.08"]
[Round "7.15"]
[White "Kliashtornyi, Arkadii"]
[Black "Arfan, Aditya Bagus"]
[Result "0-1"]
[WhiteElo "1975"]
[BlackElo "2405"]
[PlyCount "74"]

1. d4 Nf6 2. g3 d5 3. Nf3 c6 4. Bg2 Bg4 5. O-O e6 6. h3 Bh5 7. g4 Bg6 8. c4
Nbd7 9. Qb3 Qb6 10. c5 Qa6 11. Bf4 Be7 12. Nc3 O-O 13. Qa4 Qxa4 14. Nxa4 Ne4
15. Rfc1 f6 16. Nd2 f5 17. Nxe4 fxe4 18. e3 Bf6 19. g5 e5 20. gxf6 exf4 21.
fxg7 Kxg7 22. exf4 Rxf4 23. Rc3 Nf8 24. Rd1 Ne6 25. Re3 Bh5 26. Rd2 Ng5 27. Rg3
Kh6 28. Nc3 Raf8 29. a3 a6 30. Bh1 Ne6 31. Bg2 Ng7 32. b4 Nf5 33. a4 Nxg3 34.
fxg3 e3 35. Rd3 e2 36. Nxe2 Bxe2 37. Re3 Rf2 0-1

[Event "HZ Chess Tournament 2024"]
[Site "Vlissingen, Netherlands"]
[Date "2024.08.08"]
[Round "7.16"]
[White "Fronda, Jan Jodilyn"]
[Black "Bezemer, Arno"]
[Result "1-0"]
[WhiteElo "2089"]
[BlackElo "2225"]
[PlyCount "73"]

1. e4 c5 2. c3 d5 3. exd5 Qxd5 4. d4 Nf6 5. Nf3 e6 6. Be3 cxd4 7. Qxd4 Nc6 8.
Qa4 Be7 9. Na3 O-O 10. Nb5 Ne8 11. Rd1 Qh5 12. g4 Qg6 13. Bd3 f5 14. Rg1 Qf6
15. Bg5 Qf7 16. gxf5 exf5 17. Nbd4 Nxd4 18. Nxd4 Nd6 19. Qb3 Bxg5 20. Rxg5 g6
21. h4 Kg7 22. Qxf7+ Nxf7 23. Rg2 f4 24. Kd2 Bh3 25. Rh2 Bg4 26. f3 Bd7 27. h5
g5 28. h6+ Kf6 29. Re1 Rh8 30. Bb5 Bf5 31. Nxf5 Kxf5 32. Bd7+ Kf6 33. Re6+ Kf5
34. Rc6+ Ke5 35. Re2+ Kd5 36. c4+ Kd4 37. Re4# 1-0

[Event "HZ Chess Tournament 2024"]
[Site "Vlissingen, Netherlands"]
[Date "2024.08.08"]
[Round "7.17"]
[White "Kumar, Prajit Sai"]
[Black "Manshanden, Nick"]
[Result "1-0"]
[WhiteElo "2185"]
[BlackElo "2114"]
[PlyCount "39"]

1. e4 e5 2. Nf3 Nc6 3. Bc4 Nf6 4. d3 Bc5 5. c3 d6 6. O-O a5 7. Re1 Ba7 8. Nbd2
O-O 9. h3 Ne7 10. d4 Ng6 11. Nf1 Re8 12. Ng3 Nxe4 13. Qb3 a4 14. Bxf7+ Kf8 15.
Qc4 b5 16. Qd5 c6 17. Qxc6 Re7 18. Qxe4 Rxf7 19. Qxa8 Rb7 20. dxe5 1-0

[Event "HZ Chess Tournament 2024"]
[Site "Vlissingen, Netherlands"]
[Date "2024.08.08"]
[Round "7.18"]
[White "Goudriaan, Rafael"]
[Black "Karacsonyi, Kata"]
[Result "1/2-1/2"]
[WhiteElo "2079"]
[BlackElo "2184"]
[PlyCount "47"]

1. e4 c5 2. Nf3 Nc6 3. Nc3 d6 4. Bb5 a6 5. Bxc6+ bxc6 6. e5 Bg4 7. h3 Bh5 8.
O-O d5 9. b3 e6 10. d3 Be7 11. Na4 g5 12. Ba3 Bg6 13. Bxc5 h5 14. Bb6 Qb8 15.
Qe2 Nh6 16. Nd4 g4 17. Nxc6 Qb7 18. Nxe7 Kxe7 19. Qd2 gxh3 20. Qf4 hxg2 21.
Kxg2 Rhg8 22. Kf3 Rac8 23. Rac1 Nf5 24. Rg1 1/2-1/2

[Event "HZ Chess Tournament 2024"]
[Site "Vlissingen, Netherlands"]
[Date "2024.08.08"]
[Round "7.19"]
[White "Merbis, Max"]
[Black "Goossens, Hanne"]
[Result "0-1"]
[WhiteElo "2079"]
[BlackElo "2172"]
[PlyCount "78"]

1. d4 d5 2. c4 c6 3. Nf3 Nf6 4. Nc3 dxc4 5. a4 Bf5 6. Ne5 Nbd7 7. Nxc4 Qc7 8.
g3 e5 9. dxe5 Nxe5 10. Bf4 Nfd7 11. Bg2 g5 12. Ne3 gxf4 13. Nxf5 O-O-O 14. Qc2
fxg3 15. hxg3 Kb8 16. O-O h5 17. Ne4 Ng4 18. Bh3 Nde5 19. f3 Nh6 20. Rfd1 Nxf5
21. Bxf5 Bh6 22. Qb3 Rhg8 23. Kf2 Ng6 24. Nf6 Ne7 25. Rxd8+ Rxd8 26. Be4 h4 27.
Rg1 Bg5 28. Nh5 f5 29. f4 Bh6 30. Bf3 hxg3+ 31. Rxg3 Bxf4 32. Nxf4 Qxf4 33. Qe6
Nd5 34. Rg8 Rxg8 35. Qxg8+ Kc7 36. a5 Qd4+ 37. Kg2 Ne3+ 38. Kh3 Qd7 39. Qg3+
f4+ 0-1

[Event "HZ Chess Tournament 2024"]
[Site "Vlissingen, Netherlands"]
[Date "2024.08.08"]
[Round "7.20"]
[White "Van Gool, Henk"]
[Black "Romkes, Abel"]
[Result "1-0"]
[WhiteElo "2172"]
[BlackElo "2078"]
[PlyCount "129"]

1. c4 Nf6 2. Nc3 e6 3. e4 d5 4. e5 d4 5. exf6 dxc3 6. fxg7 cxd2+ 7. Qxd2 Qxd2+
8. Bxd2 Bxg7 9. O-O-O Nc6 10. f4 Bd7 11. Ne2 O-O-O 12. Bc3 Bxc3 13. Nxc3 Ne7
14. Bd3 Bc6 15. Rhg1 Rd4 16. Ne2 Rd7 17. Bc2 Rxd1+ 18. Kxd1 h6 19. Kc1 Rd8 20.
b3 a5 21. Nc3 Rd4 22. g3 Ng8 23. Rd1 Rxd1+ 24. Kxd1 Nf6 25. Ke2 Kd7 26. a3 Kd6
27. b4 axb4 28. axb4 b6 29. Bd1 Ne4 30. Na2 Nf6 31. Ke3 Bg2 32. Nc1 Bf1 33. Nd3
Nd7 34. g4 f6 35. Be2 Bg2 36. h4 e5 37. f5 Nb8 38. Ne1 Bc6 39. Bf3 Ba4 40. Nd3
Nd7 41. Nf2 Ke7 42. Be4 Bb3 43. Kd3 Kd6 44. Bf3 Ke7 45. Ne4 Ba4 46. Nc3 Bb3 47.
Be4 Kd8 48. Bd5 Nb8 49. Be6 c6 50. Ne4 Ke7 51. g5 fxg5 52. hxg5 hxg5 53. Nxg5
Na6 54. Kc3 Bd1 55. Bc8 Nc7 56. Ne4 Ne8 57. Bb7 Nd6 58. f6+ Ke6 59. Nxd6 Kxd6
60. Bxc6 Ke6 61. Kd2 Bb3 62. Kc3 Bd1 63. c5 bxc5 64. b5 Ba4 65. Bd5+ 1-0

[Event "HZ Chess Tournament 2024"]
[Site "Vlissingen, Netherlands"]
[Date "2024.08.08"]
[Round "7.21"]
[White "Hng, Mei-Xian Eunice"]
[Black "Perestjuk, Marko"]
[Result "0-1"]
[WhiteElo "2019"]
[BlackElo "2171"]
[PlyCount "66"]

1. e4 c5 2. d4 cxd4 3. c3 dxc3 4. Nxc3 Nc6 5. Bc4 g6 6. Nf3 Bg7 7. O-O d6 8.
Ng5 Nh6 9. h3 O-O 10. Be3 Na5 11. Be2 f6 12. Qd5+ Nf7 13. Ne6 Bxe6 14. Qxe6 Qc8
15. Qd5 Nc6 16. Bg4 Qd8 17. Be6 Qa5 18. Qd2 Kh8 19. a3 f5 20. exf5 gxf5 21.
Rfe1 Nfe5 22. Bd5 Ng6 23. Bg5 Rae8 24. b4 Qb6 25. Be6 Qd4 26. Rac1 Qxd2 27.
Bxd2 Nd4 28. Nd5 Ne5 29. Be3 Nxe6 30. Bxa7 Nd3 31. Rxe6 Nxc1 32. Nxe7 Nd3 33.
Rxd6 Rxe7 0-1

[Event "HZ Chess Tournament 2024"]
[Site "Vlissingen, Netherlands"]
[Date "2024.08.08"]
[Round "7.23"]
[White "Dhooge, Servaas"]
[Black "Frayna, Janelle Mae"]
[Result "0-1"]
[WhiteElo "1994"]
[BlackElo "2162"]
[PlyCount "88"]

1. e4 c6 2. d4 d5 3. e5 Bf5 4. h4 h5 5. Bd3 Bxd3 6. Qxd3 Qa5+ 7. Nd2 e6 8. Ngf3
Qa6 9. c4 Nh6 10. Qc2 Nd7 11. O-O Nf5 12. b3 Be7 13. g3 O-O 14. Bb2 b6 15. a4
Qb7 16. a5 Rac8 17. axb6 axb6 18. Qd3 c5 19. cxd5 Qxd5 20. Ra7 cxd4 21. Bxd4
Rfd8 22. Qe4 Nxd4 23. Qxd4 Qxd4 24. Nxd4 Nxe5 25. N2f3 Nxf3+ 26. Nxf3 Bf6 27.
Rb7 Rc6 28. Ng5 Bxg5 29. hxg5 Rdc8 30. Kg2 R8c7 31. Rb8+ Kh7 32. Rh1 Kg6 33.
Rh8 Rc2 34. Rb8 Rb2 35. Rxb6 Rcc2 36. Rf1 Kxg5 37. Rb5+ Kg6 38. b4 f6 39. Rb6
e5 40. Rb8 Rc4 41. b5 Rc5 42. b6 Rc6 43. b7 Rc7 44. Ra8 Rcxb7 0-1

[Event "HZ Chess Tournament 2024"]
[Site "Vlissingen, Netherlands"]
[Date "2024.08.08"]
[Round "7.24"]
[White "Boeren, Jurriaan"]
[Black "Duchene, Rene"]
[Result "1/2-1/2"]
[WhiteElo "2159"]
[BlackElo "2048"]
[PlyCount "81"]

1. e4 c5 2. Nf3 e6 3. d4 cxd4 4. Nxd4 Nf6 5. Nc3 Nc6 6. a3 Qc7 7. Be3 a6 8. f4
Nxd4 9. Bxd4 Qxf4 10. g3 Qc7 11. e5 Nd5 12. Nxd5 exd5 13. Bg2 d6 14. exd6 Bxd6
15. Bxg7 Bxg3+ 16. Kf1 Rg8 17. Bf6 Qf4+ 18. Qf3 Qxf3+ 19. Bxf3 Bh3+ 20. Ke2 Bf4
21. Bxd5 Rg6 22. Rhg1 Rc8 23. Rxg6 fxg6 24. c3 Bg4+ 25. Kf2 Rc7 26. Re1+ Kf8
27. Re4 Rd7 28. c4 g5 29. h4 Bf5 30. Re1 g4 31. Kg2 Bd6 32. Rf1 Bd3 33. Rf2 Ke8
34. Rd2 Be7 35. Bxe7 Bxc4 36. Bc6 bxc6 37. Rxd7 Kxd7 38. Bf6 Ke6 39. Bc3 Kf5
40. Kg3 h5 41. b4 1/2-1/2

[Event "HZ Chess Tournament 2024"]
[Site "Vlissingen, Netherlands"]
[Date "2024.08.08"]
[Round "7.25"]
[White "Van Rootselaar, Rik"]
[Black "Lind, Jacco"]
[Result "1-0"]
[WhiteElo "2152"]
[BlackElo "1983"]
[PlyCount "85"]

1. d4 Nf6 2. c4 g6 3. Nf3 Bg7 4. g3 d5 5. cxd5 Nxd5 6. Bg2 Nb6 7. O-O Nc6 8. e3
O-O 9. Nc3 Re8 10. h3 a5 11. d5 Ne5 12. Nxe5 Bxe5 13. e4 e6 14. Bh6 exd5 15.
exd5 Nc4 16. Re1 Nd6 17. Qd2 Qf6 18. Bg5 Qg7 19. Rac1 Bd7 20. b3 b5 21. Ne4
Nxe4 22. Rxe4 Bd6 23. Rxe8+ Bxe8 24. Bf4 b4 25. Bxd6 cxd6 26. Rc7 Qe5 27. Kh2
Kg7 28. Bf3 h5 29. Kg2 Bb5 30. Rb7 Ba6 31. Rb6 Bc8 32. Qc1 Ra6 33. Rb8 Bf5 34.
Kh2 Qc3 35. Qf4 Qf6 36. g4 Qb2 37. Kg2 Bb1 38. gxh5 Bf5 39. hxg6 Bxg6 40. Qh4
Bh7 41. Qg5+ Bg6 42. Qd8 Kh7 43. Qh4+ 1-0

[Event "HZ Chess Tournament 2024"]
[Site "Vlissingen, Netherlands"]
[Date "2024.08.08"]
[Round "7.26"]
[White "Westerweele, Henrik"]
[Black "Hng, Mei-En Emmanuelle"]
[Result "0-1"]
[WhiteElo "1981"]
[BlackElo "2145"]
[PlyCount "92"]

1. e3 c5 2. f4 Nf6 3. Nf3 g6 4. Be2 Bg7 5. O-O O-O 6. d3 d5 7. Qe1 Nc6 8. Ne5
Nb4 9. Bd1 Nd7 10. Qg3 Nxe5 11. fxe5 Nc6 12. Nd2 Bxe5 13. Qh4 Bg7 14. Nf3 e5
15. Qxd8 Rxd8 16. e4 h6 17. Be3 b6 18. Nd2 Bb7 19. Bf3 Nb4 20. Rfc1 d4 21. Bf2
h5 22. a3 Bh6 23. Be1 Be3+ 24. Kh1 Nc6 25. b3 Kg7 26. Rd1 b5 27. Nf1 Bg5 28.
Bg3 Be7 29. Nd2 f6 30. h3 a6 31. Kg1 Bc8 32. Kf1 Be6 33. Ke2 Rh8 34. h4 g5 35.
Kf2 g4 36. Be2 Bd6 37. Kg1 Ne7 38. Rf1 Ng6 39. Rf2 Rhc8 40. Raf1 Nf4 41. Ra1
Nxe2+ 42. Rxe2 c4 43. Ree1 cxd3 44. cxd3 Rc3 45. Rec1 Rac8 46. Rxc3 dxc3 0-1

[Event "HZ Chess Tournament 2024"]
[Site "Vlissingen, Netherlands"]
[Date "2024.08.08"]
[Round "7.28"]
[White "Omota, Vlad"]
[Black "Coenen, Eduard"]
[Result "0-1"]
[WhiteElo "1945"]
[BlackElo "2117"]
[PlyCount "68"]

1. e4 g6 2. d4 d6 3. Nc3 c6 4. Be3 Bg7 5. Qd2 Nd7 6. O-O-O b5 7. Kb1 Nb6 8. Bd3
Rb8 9. h4 h5 10. Nh3 Nf6 11. f3 b4 12. Ne2 Qc7 13. Ng5 c5 14. dxc5 dxc5 15. e5
Nfd5 16. f4 O-O 17. e6 f5 18. g4 Nc3+ 19. Nxc3 bxc3 20. Qe2 cxb2 21. gxf5 Na4
22. Bd2 Qxf4 23. Rh3 Qg4 24. Qe1 Bb7 25. Be2 Qxf5 26. Bd3 Qf6 27. Bb5 Nb6 28.
Bc3 Qf2 29. Qxf2 Rxf2 30. Bxg7 Kxg7 31. Rg3 a6 32. Bd3 Rd8 33. Nf7 Rxd3 34.
cxd3 Na4 0-1